[Event "AUTO-ADV-4910"]
[Site "http://www.queenalice.com/game.php?id=1867372"]
[Date "2025.12.27"]
[Round "1"]
[White "Capixaba789"]
[Black "Anusha"]
[Result "0-1"]
[WhiteElo "1878"]
[BlackElo "1961"]

1. d4 Nf6 2. Nc3 d5 3. f4 Bf5 4. Nf3 c6 5. e3 h6 6. Bd3 Bxd3 7. cxd3 e6 8. O-O
Be7 9. Ne5 O-O 10. Ne2 Nbd7 11. Ng3 Rc8 12. Bd2 c5 13. Bc3 cxd4 14. Bxd4 Bc5 15.
Kh1 Bxd4 16. exd4 Qb6 17. Qa4 Rfd8 18. b3 Nb8 19. h3 Na6 20. Rfc1 Nc7 21. f5 Nb5
22. Rxc8 Rxc8 23. Qb4 Nxd4 24. Qe1 exf5 25. Rc1 Re8 26. Qe3 Nd7 27. Qf4 Nxe5 28.
Re1 f6 29. Nxf5 Nxf5 30. Qxf5 d4 31. Qh5 Re7 32. Qf5 Qc6 33. Qf1 Rc7 0-1

[Event "AUTO-ADV-4910"]
[Site "http://www.queenalice.com/game.php?id=1867387"]
[Date "2025.12.27"]
[Round "1"]
[White "game"]
[Black "Anusha"]
[Result "0-1"]
[WhiteElo "1587"]
[BlackElo "1959"]

1. e4 c5 2. Bc4 Nc6 3. Nf3 d6 4. Ng5 e6 5. d3 Nf6 6. Bb5 Bd7 7. Qf3 Be7 8. Nc3
O-O 9. h4 Nd4 10. Qd1 Nxb5 11. a4 Nd4 12. Nb5 Nxb5 13. axb5 Bxb5 14. b3 a6 15.
c4 Bc6 16. O-O Qc7 17. Bb2 b5 18. f4 h6 19. Kf2 bxc4 20. Nf3 cxd3 21. Bxf6 Bxf6
22. Rc1 Bb5 23. Nd2 Bd4+ 24. Kg3 f5 25. b4 Qe7 26. e5 dxe5 27. Re1 exf4+ 28. Kf3
Qxh4 29. g3 Bc6+ 30. Ne4 fxe4+ 31. Rxe4 Qxg3# 0-1